000 00487cam a2200205 4500
001 B2670
008 090401t1989 xxu||||| |||| 00| 0 eng d
035 _a(Sirsi) u51391
041 _aeng
050 _a333.337
110 _aEdward Erdman
_92048
245 _aRetail rental growth : a county picture. - (1987/89)
260 _aLondon
_bEdward Erdman
_c1989
300 _a(4)p. ; 30cm.
350 _a14
650 _aRENT
650 _aSHOPS
942 _n0
948 _c04/03/1997
999 _c92889
_d92889